LEADER 00829nam0 2200265 450 001 000023479 005 20090224121222.0 010 $a978-0-19-922832-4 100 $a20090224d2004----km-y0itay50------ba 101 0 $aeng 102 $aGB 105 $ay-------001yy 200 1 $aModels for dynamic macroeconomics$fFabio Cesare Bagliano, Giuseppe Bertola 210 $aOxford$cOxford univ. press$dc2004 215 $a275 p.graf.$c23 cm 410 0$12001 500 10$aModels for dynamic macroeconomics$946233 610 1 $aTeoria macroecnomica 700 1$aBagliano,$bFabio-Cesare$0117978 701 1$aBertola,$bGiuseppe$0122619 801 0$aIT$bUNIPARTHENOPE$c20090224$gRICA$2UNIMARC 912 $a000023479 951 $a023/425$b502$cNAVA2$d2009 996 $aModels for dynamic macroeconomics$946233 997 $aUNIPARTHENOPE